Statistics for 5 Largest Cities by 30º Latitude/Longitude Blocks on the World Map Grid

Click here to take the quiz!

General Stats

  • This quiz has been taken 128 times
  • The average score is 117 of 231

Answer Stats

Block Country Lat Lon Pop City % Correct
30ºN - 0ºSpain 40.4 -3.7 6,250,000 Madrid
99%
60ºN - 0ºUnited Kingdom 51.5 -0.1 14,400,000 London
98%
30ºN - 60ºWUnited States 40.7 -74.0 22,000,000 New York
98%
60ºN - 30ºERussia 55.8 37.6 16,900,000 Moscow
97%
60ºN - 0ºFrance 48.9 2.3 11,200,000 Paris
97%
30ºN - 90ºWMexico 19.4 -99.1 22,100,000 Mexico City
96%
30ºN - 120ºWUnited States 34.0 -118.2 17,600,000 Los Angeles
96%
30ºS - 30ºWBrazil-22.9 -43.2 12,700,000 Rio de Janeiro
95%
30ºN - 30ºEEgypt 30.0 31.2 16,800,000 Cairo
95%
60ºN - 30ºERussia 59.9 30.3 5,450,000 Saint Petersburg
94%
60ºN - 120ºWUnited States 47.6 -122.3 4,075,000 Seattle
94%
30ºN - 0ºSpain 41.4 2.2 4,650,000 Barcelona
94%
30ºS - 150ºEAustralia-33.9 151.2 4,900,000 Sydney
94%
60ºN - 120ºWCanada 49.3 -123.1 2,500,000 Vancouver
93%
30ºN - 120ºEChina 39.9 116.4 21,100,000 Beijing
93%
30ºN - 150ºEJapan 35.7 139.8 39,500,000 Tokyo
93%
30ºN - 90ºEIndia 28.7 77.2 26,400,000 Delhi
93%
60ºN - 30ºEUkraine 50.4 30.5 3,375,000 Kiev
92%
30ºN - 90ºWUnited States 41.8 -87.8 9,800,000 Chicago
92%
30ºS - 30ºESouth Africa-26.2 28.0 13,400,000 Johannesburg
92%
30ºN - 90ºWCanada 43.7 -79.4 7,100,000 Toronto
92%
30ºS - 60ºWChile-33.5 -70.7 7,050,000 Santiago
92%
30ºN - 90ºWUnited States 38.9 -77.0 8,350,000 Washington
91%
30ºS - 30ºESouth Africa-33.9 18.4 4,125,000 Cape Town
91%
0º - 60ºWColombia 4.6 -74.1 9,350,000 Bogotá
91%
0º - 90ºWPeru-12.0 -77.1 9,950,000 Lima
91%
30ºN - 120ºWUnited States 37.7 -122.5 7,600,000 San Francisco
91%
30ºN - 60ºWUnited States 42.3 -71.1 7,350,000 Boston
90%
0º - 120ºEIndonesia-6.2 106.8 28,100,000 Jakarta
90%
30ºN - 30ºETurkey 41.1 29.0 14,300,000 Istanbul
90%
30ºS - 60ºWBrazil-23.6 -46.6 21,800,000 São Paulo
89%
30ºS - 60ºWArgentina-34.6 -58.4 15,800,000 Buenos Aires
89%
30ºN - 0ºAlgeria 36.8 3.1 3,675,000 Algiers
89%
0º - 120ºEPhilippines 14.6 121.0 23,300,000 Manila
89%
60ºN - 0ºItaly 45.5 9.2 5,150,000 Milan
89%
30ºS - 180ºNew Zealand-41.3 174.8 381,900 Wellington
89%
30ºN - 120ºWUnited States 32.8 -117.2 3,275,000 San Diego
88%
30ºS - 150ºEAustralia-37.8 145.0 4,400,000 Melbourne
88%
30ºS - 120ºEAustralia-32.0 115.8 2,075,000 Perth
88%
60ºN - 30ºEHungary 47.5 19.1 2,575,000 Budapest
88%
30ºN - 0ºItaly 40.8 14.2 4,250,000 Naples
87%
30ºS - 180ºNew Zealand-36.9 174.8 1,470,000 Auckland
87%
30ºN - 120ºESouth Korea 37.6 127.0 24,400,000 Seoul
87%
30ºN - 60ºEIran 35.7 51.4 13,700,000 Tehran
87%
30ºN - 30ºEIraq 33.3 44.4 6,850,000 Baghdad
87%
0º - 90ºEThailand 13.7 100.5 16,900,000 Bangkok
87%
30ºS - 60ºWBrazil-15.8 -47.9 3,825,000 Brasília
86%
30ºN - 120ºEChina 31.2 121.4 30,900,000 Shanghai
86%
30ºN - 60ºEIndia 19.0 72.9 23,200,000 Mumbai
86%
0º - 90ºWGuatemala 14.6 -90.5 3,000,000 Guatemala City
85%
60ºN - 60ºWCanada 45.5 -73.6 4,100,000 Montréal
85%
0º - 0ºNigeria 6.4 3.4 17,100,000 Lagos
84%
30ºN - 0ºMorocco 33.6 -7.6 4,175,000 Casablanca
84%
60ºN - 30ºWIceland 64.1 -21.9 118,918 Reykjavik
84%
0º - 60ºWVenezuela 10.5 -66.9 3,700,000 Caracas
84%
0º - 30ºEKenya-1.3 36.8 5,200,000 Nairobi
83%
0º - 30ºEEthiopia 9.0 38.7 3,475,000 Addis Ababa
83%
30ºN - 90ºWUnited States 40.0 -75.2 7,300,000 Philadelphia
83%
30ºN - 120ºEChina 23.1 113.3 47,700,000 Guangzhou
83%
0º - 30ºEDemocratic Republic of the Congo-4.3 15.3 10,600,000 Kinshasa
83%
30ºN - 60ºEPakistan 24.9 67.0 24,300,000 Karachi
83%
0º - 90ºEMalaysia 3.2 101.7 7,000,000 Kuala Lumpur
82%
60ºN - 150ºWUnited States 61.2 -149.9 291,826 Anchorage
82%
30ºN - 120ºWUnited States 33.5 -112.1 4,325,000 Phoenix
81%
30ºN - 90ºEIndia 22.5 88.3 16,000,000 Kolkata
81%
30ºS - 150ºEAustralia-27.5 153.0 2,900,000 Brisbane
81%
30ºS - 150ºEAustralia-34.9 138.6 1,300,000 Adelaide
81%
30ºN - 30ºEEgypt 31.2 29.9 5,150,000 Alexandria
81%
0º - 120ºEVietnam 10.8 106.7 8,250,000 Ho Chi Minh City
81%
30ºN - 150ºEJapan 34.8 135.5 17,800,000 Osaka
81%
60ºN - 120ºWUnited States 45.5 -122.7 2,275,000 Portland
81%
30ºN - 90ºEBangladesh 23.7 90.4 17,600,000 Dhaka
80%
0º - 30ºETanzania-6.8 39.3 5,300,000 Dar es Salaam
80%
30ºN - 150ºWUnited States 21.3 -157.9 1,000,000 Honolulu
80%
30ºN - 60ºWHaiti 18.5 -72.3 2,850,000 Port-au-Prince
79%
0º - 90ºESingapore 1.3 103.9 6,900,000 Singapore
79%
60ºN - 120ºWCanada 51.1 -114.1 1,420,000 Calgary
78%
0º - 60ºESomalia 2.1 45.4 1,720,000 Mogadishu
78%
30ºN - 120ºWUnited States 40.8 -111.9 2,300,000 Salt Lake City
77%
0º - 30ºWSenegal 14.7 -17.5 3,300,000 Dakar
77%
30ºN - 30ºESudan 15.6 32.5 5,550,000 Khartoum
77%
60ºN - 120ºWCanada 53.6 -113.5 1,270,000 Edmonton
77%
60ºN - 90ºWCanada 45.4 -75.7 1,180,000 Ottawa
76%
0º - 0ºGhana 5.6 -0.2 4,575,000 Accra
74%
0º - 90ºEIndia 13.0 77.6 10,500,000 Bangalore
74%
60ºN - 0ºGermany 50.9 7.0 4,850,000 Cologne
74%
30ºN - 60ºWDominican Republic 18.5 -69.9 3,650,000 Santo Domingo
74%
0º - 0ºAngola-8.8 13.2 6,800,000 Luanda
73%
30ºS - 60ºEMadagascar-18.9 47.5 2,225,000 Antananarivo
72%
60ºN - 0ºGermany 51.5 7.0 5,600,000 The Ruhr
71%
60ºN - 90ºWCanada 49.9 -97.1 632,063 Winnipeg
71%
60ºN - 60ºWCanada 46.8 -71.2 528,595 Quebec
70%
0º - 150ºEPapua New Guinea-9.4 147.2 283,733 Port Moresby
70%
30ºN - 60ºEPakistan 31.6 74.4 10,200,000 Lahore
70%
30ºS - 30ºEZimbabwe-17.8 31.0 2,325,000 Harare
70%
30ºN - 60ºWUnited States 18.4 -66.1 2,150,000 San Juan
70%
0º - 90ºEIndia 13.1 80.3 10,000,000 Chennai
70%
30ºS - 90ºWPeru-15.2 -75.1 15,478 San Juan de Marcona
70%
30ºN - 150ºEJapan 43.1 141.3 2,500,000 Sapporo
69%
0º - 30ºEUganda 0.3 32.6 3,025,000 Kampala
68%
30ºS - 180ºNew Zealand-43.5 172.6 363,926 Christchurch
68%
60ºN - 120ºEMongolia 47.9 106.9 1,300,000 Ulaanbaatar
68%
30ºS - 30ºESouth Africa-29.9 31.0 3,225,000 Durban
67%
30ºS - 30ºEZambia-15.4 28.3 2,275,000 Lusaka
66%
0º - 60ºWBrazil-3.1 -60.0 2,075,000 Manaus
66%
30ºN - 90ºEIndia 17.4 78.5 9,000,000 Hyderabad
65%
0º - 90ºWColombia 6.3 -75.6 3,800,000 Medellín
65%
30ºS - 30ºWBrazil-19.9 -43.9 4,925,000 Belo Horizonte
64%
0º - 30ºWBrazil-8.1 -34.9 3,775,000 Recife
64%
0º - 0ºCôte d'Ivoire 5.3 -4.0 5,050,000 Abidjan
62%
0º - 90ºWColombia 3.4 -76.5 2,925,000 Cali
60%
0º - 30ºWBrazil-13.0 -38.5 3,650,000 Salvador
58%
30ºN - 120ºEChina 39.1 117.2 11,400,000 Tianjin
56%
30ºS - 60ºEMauritius-20.2 57.5 155,226 Port Louis
56%
30ºN - 150ºEJapan 35.2 136.9 10,400,000 Nagoya
56%
30ºN - 90ºEChina 30.7 104.1 9,600,000 Chengdu
55%
30ºS - 60ºWBrazil-30.1 -51.2 4,075,000 Porto Alegre
54%
0º - 30ºWBrazil-3.8 -38.6 3,575,000 Fortaleza
54%
0º - 180ºSamoa-13.8 -171.8 40,407 Apia
53%
0º - 60ºWBrazil-1.5 -48.5 2,150,000 Belém
53%
30ºN - 60ºEIndia 23.0 72.6 7,450,000 Ahmedabad
53%
30ºN - 30ºWMauritania 18.1 -16.0 1,060,000 Nouakchott
52%
60ºN - 150ºWUnited States 64.8 -147.7 31,535 Fairbanks
52%
60ºN - 120ºEChina 45.7 126.6 5,150,000 Harbin
52%
0º - 90ºWEcuador-2.2 -79.9 3,000,000 Guayaquil
51%
60ºN - 90ºERussia 55.0 83.0 1,650,000 Novosibirsk
49%
60ºN - 90ºWCanada 50.5 -104.6 176,183 Regina
49%
0º - 150ºESolomon Islands-9.4 160.0 56,298 Honiara
47%
0º - 0ºNigeria 12.0 8.5 4,125,000 Kano
46%
0º - 60ºEYemen 12.8 45.0 550,602 Aden
45%
30ºS - 150ºEAustralia-28.0 153.4 591,473 Gold Coast
45%
60ºN - 60ºERussia 56.9 60.6 1,600,000 Yekaterinburg
45%
60ºN - 60ºERussia 55.0 73.4 1,180,000 Omsk
44%
0º - 180ºKiribati 1.3 173.0 40,311 Tarawa
43%
60ºN - 30ºEPoland 50.3 19.0 2,375,000 Katowice
43%
0º - 120ºEIndonesia-7.2 112.8 4,700,000 Surabaya
41%
0º - 120ºEIndonesia-7.0 107.6 5,950,000 Bandung
40%
0º - 60ºWVenezuela 10.7 -71.7 2,475,000 Maracaibo
39%
60ºN - 60ºERussia 55.7 49.1 1,220,000 Kazan
38%
60ºS - 180ºNew Zealand-45.9 170.5 114,347 Dunedin
36%
60ºN - 90ºERussia 52.3 104.3 586,695 Irkutsk
36%
30ºN - 30ºWSpain 28.1 -15.4 381,847 Las Palmas de Gran Canaria
36%
60ºS - 60ºWArgentina-54.8 -68.3 58,028 Ushuaia
33%
60ºN - 90ºWUnited States 46.9 -96.8 105,549 Fargo
33%
0º - 180ºMarshall Islands 7.1 171.4 25,400 Majuro
32%
30ºS - 180ºNew Zealand-37.8 175.3 152,641 Hamilton
30%
60ºN - 180ºUnited States 64.5 -165.4 3,598 Nome
30%
60ºN - 150ºWCanada 60.7 -135.1 23,272 Whitehorse
30%
60ºN - 60ºERussia 55.2 61.4 1,400,000 Chelyabinsk
30%
30ºN - 150ºWUnited States 19.7 -155.1 43,263 Hilo
30%
60ºS - 60ºWChile-53.2 -70.9 117,430 Punta Arenas
29%
60ºN - 60ºERussia 53.2 50.2 1,320,000 Samara
28%
60ºN - 90ºERussia 56.0 92.9 1,090,000 Krasnoyarsk
26%
30ºN - 30ºWPortugal 32.6 -16.9 100,847 Funchal
26%
0º - 30ºWBrazil-2.5 -44.3 1,410,000 São Luís
24%
30ºN - 150ºEJapan 38.3 141.0 1,490,000 Sendai
23%
30ºN - 30ºWSpain 28.5 -16.3 222,417 Santa Cruz de Tenerife
21%
90ºN - 30ºENorway 78.2 15.7 2,060 Longyearbyen
21%
60ºN - 150ºERussia 53.0 158.7 187,282 Petropavlovsk-Kamchatsky
21%
60ºN - 150ºERussia 59.6 150.8 95,282 Magadan
20%
60ºS - 180ºNew Zealand-46.4 168.4 47,287 Invercargill
20%
30ºS - 0ºUnited Kingdom-15.9 -5.7 637 Jamestown
19%
90ºS - 180ºUnited States-77.8 166.7 1,258 McMurdo Station
18%
30ºS - 0ºNamibia-23.0 14.5 52,058 Walvis Bay
17%
60ºN - 180ºRussia 64.7 177.5 10,332 Anadyr
16%
60ºN - 30ºWIceland 65.7 -18.1 17,693 Akureyri
16%
60ºS - 60ºEFrance-49.4 70.2 45 Port-aux-Francais
14%
30ºS - 120ºWUnited Kingdom-25.1 -130.1 46 Adamstown
14%
30ºS - 150ºWFrance-17.6 -149.6 29,851 Faaa
13%
30ºS - 120ºWChile-27.1 -109.4 4,000 Hanga Roa
13%
60ºN - 60ºWCanada 46.3 -72.5 119,693 Trois-Rivieres
13%
30ºS - 120ºEAustralia-35.0 117.9 33,650 Albany
13%
60ºN - 60ºWCanada 45.4 -71.9 129,447 Sherbrooke
13%
30ºS - 30ºWBrazil-20.3 -40.4 1,790,000 Vitória
12%
60ºN - 120ºEChina 47.3 124.0 1,060,000 Qiqihar
12%
30ºS - 120ºEAustralia-30.7 121.5 31,107 Kalgoorlie
12%
60ºN - 30ºWIceland 64.3 -15.2 1,690 Höfn
11%
60ºN - 150ºERussia 48.5 135.1 579,000 Khabarovsk
11%
60ºS - 180ºNew Zealand-45.0 168.7 10,442 Queenstown
11%
0º - 150ºEPapua New Guinea-6.7 147.0 76,255 Lae
10%
60ºN - 60ºWCanada 48.4 -71.1 143,692 Saguenay
10%
60ºS - 60ºWArgentina-45.9 -67.5 140,850 Comodoro Rivadavia
10%
0º - 150ºEIndonesia-2.5 140.7 134,895 Jayapura
10%
60ºN - 150ºERussia 47.0 142.7 176,484 Yuzhno-Sakhalinsk
10%
30ºS - 120ºEAustralia-33.3 115.6 68,248 Bunbury
9%
0º - 180ºUnited States-14.3 -170.7 11,500 Pago Pago
9%
60ºN - 180ºUnited States 53.9 -166.5 4,376 Dutch Harbor
8%
60ºN - 150ºERussia 50.6 137.0 275,908 Komsomolsk-on-Amur
8%
60ºN - 150ºWUnited States 57.1 -135.3 8,881 Sitka
8%
60ºS - 30ºWUnited Kingdom-54.3 -36.5 2 Grytviken
8%
30ºS - 60ºEMadagascar-18.1 49.4 206,373 Toamasina
7%
30ºS - 180ºNew Zealand-37.7 176.2 110,338 Tauranga
7%
0º - 60ºEYemen 14.5 49.1 258,132 Al Mukalla
7%
30ºS - 0ºAngola-15.2 12.2 80,149 Namibe
7%
60ºN - 90ºERussia 53.4 83.8 599,579 Barnaul
7%
60ºS - 180ºNew Zealand-45.1 171.0 13,000 Oamaru
7%
30ºS - 150ºWNew Zealand-21.2 -159.8 13,373 Avarua
7%
60ºN - 120ºEChina 46.6 125.0 1,560,000 Daqing
7%
30ºN - 30ºWSenegal 16.0 -16.5 176,000 Saint-Louis
7%
60ºN - 90ºERussia 53.8 87.1 539,616 Novokuznetsk
6%
60ºS - 60ºWArgentina-51.6 -69.2 85,700 Rio Gallegos
6%
0º - 150ºWFrance-9.8 -139.0 1,762 Atuona
6%
30ºS - 120ºWFrance-23.1 -135.0 1,103 Rikitea
6%
60ºS - 180ºNew Zealand-46.1 168.9 12,108 Gore
6%
30ºS - 30ºWBrazil-21.8 -41.3 387,417 Campos
6%
30ºS - 60ºEMadagascar-19.9 47.0 186,253 Antsirabe
5%
30ºS - 120ºEAustralia-32.5 115.7 83,294 Mandurah
5%
0º - 60ºEIndia 12.9 74.9 417,387 Mangalore
5%
0º - 60ºESomalia 10.4 45.0 242,344 Berbera
5%
30ºS - 60ºEMadagascar-21.5 47.1 167,227 Fianarantsoa
5%
30ºS - 30ºWBrazil-21.8 -43.4 470,193 Juiz de Fora
5%
60ºN - 90ºWCanada 46.5 -81.0 157,857 Greater Sudbury
4%
60ºN - 180ºRussia 68.1 166.4 5,757 Bilibino
4%
0º - 150ºWKiribati 2.0 -157.5 1,881 Tabwakea Village
4%
30ºN - 150ºWUnited States 20.9 -156.5 26,337 Kahului
3%
30ºS - 150ºWFrance-16.5 -151.7 4,927 Vaitape
3%
30ºN - 150ºWUnited States 19.6 -156.0 11,975 Kailua-Kona
3%
30ºN - 150ºWUnited States 22.1 -159.3 10,699 Kapa'a
3%
0º - 180ºMarshall Islands 8.8 167.7 15,000 Ebaye
3%
60ºN - 180ºRussia 69.7 170.3 4,837 Pevek
3%
0º - 150ºWKiribati 3.9 -159.4 194 Napari Village
3%
60ºN - 30ºWDenmark 65.6 -37.6 1,829 Tasiilaq
3%
60ºN - 120ºEChina 47.4 130.3 743,307 Hegang
3%
60ºN - 30ºWIceland 66.1 -23.1 2,624 Isafjoerdur
2%
0º - 150ºEUnited States 13.5 144.8 44,943 Dededo Village
2%
30ºS - 150ºWFrance-22.5 -151.3 1,044 Moerai
2%
30ºS - 0ºNamibia-18.1 13.8 5,101 Opuwo
2%
60ºN - 150ºWUnited States 60.4 -151.3 7,850 Kalifornsky
2%
60ºS - 60ºWChile-45.6 -72.1 45,787 Coihaique
2%
30ºS - 0ºNamibia-20.4 15.0 12,021 Khorixas
2%
0º - 150ºWFrance-8.9 -140.1 1,224 Taiohae
1%

Score Distribution

Percentile by Number Answered

Percent of People with Each Score

Your Score History

You have not taken this quiz